<?xml version="1.0" encoding="UTF-8"?>
<collection xmlns="http://www.loc.gov/MARC21/slim">
  <record>
    <leader>00000nam  2200000   4500</leader>
    <controlfield tag="001">INLIS000000000009016</controlfield>
    <controlfield tag="005">20230911031221</controlfield>
    <datafield tag="035" ind1="#" ind2="#">
      <subfield code="a">0010-0820000004</subfield>
    </datafield>
    <controlfield tag="007">ta</controlfield>
    <controlfield tag="008">230911################|##########|#|##</controlfield>
    <datafield tag="082" ind1="#" ind2="#">
      <subfield code="a">R 84</subfield>
    </datafield>
    <datafield tag="084" ind1="#" ind2="#">
      <subfield code="a">R 84 PIM IV 2019</subfield>
    </datafield>
    <datafield tag="100" ind1=" " ind2="#">
      <subfield code="a">Salim Azhary Affan</subfield>
    </datafield>
    <datafield tag="245" ind1="1" ind2="#">
      <subfield code="a">Peningkatan Pengelolaan BMN Melalui Sistem Barang Milik Negara Peminjaman (SIBMN Aman) Dengan Fitur Pengamanan Dan Pengedlalian Jarak Jauh Untuk Aset BMN Berbasis Elektronik Dengan Sistem Operasi tertentu Yang Memanfaatkan Teknologi Internet Of Think /</subfield>
      <subfield code="c">Affan Azhary Salim</subfield>
    </datafield>
    <datafield tag="250" ind1="#" ind2="#">
      <subfield code="a">ed.1</subfield>
    </datafield>
    <datafield tag="260" ind1="#" ind2="#">
      <subfield code="a">Jakarta :</subfield>
      <subfield code="b">Pusbangkom Pimnas LAN,</subfield>
      <subfield code="c">2019;</subfield>
    </datafield>
    <datafield tag="300" ind1="#" ind2="#">
      <subfield code="a">iv., 27 Hlm :</subfield>
      <subfield code="b">Ilus. ;</subfield>
      <subfield code="c">30 cm</subfield>
    </datafield>
    <datafield tag="650" ind1="#" ind2="4">
      <subfield code="a">Pengelolaan BMN</subfield>
    </datafield>
    <datafield tag="856" ind1="#" ind2="#">
      <subfield code="a">Perpustakaan  Lembaga Administrasi Negara RI</subfield>
    </datafield>
    <datafield tag="500" ind1="#" ind2="#">
      <subfield code="a">&lt;a href="http://perpus.unusia.ac.id/inlislite3/article/views/slot-gacor-hari-ini/"&gt;slot gacor&lt;/a&gt;</subfield>
    </datafield>
    <datafield tag="990" ind1="#" ind2="#">
      <subfield code="a">20784</subfield>
    </datafield>
  </record>
</collection>
